Sekuritizácia katastrofického rizika

Sekuritizácia katastrofického rizika formou transformácie katastrofického zaistenia na cenné papiere. Zaistenie a jeho oceňovanie s oceňovaním obligácií. Skúmané prepojenie medzi zaistním a cennými papiermi je podstatné pre porozumenie odhadu poistného rizika z pohľadu kapitálových trhov.

Gespeichert in:
Bibliographische Detailangaben
1. Verfasser: Kozubíková, Zuzana
Format: Buchkapitel
Sprache:Slowakisch
Schlagworte:
Tags: Tag hinzufügen
Keine Tags, Fügen Sie das erste Tag hinzu!

MARC

LEADER 00000naa$a2200000$$$4500
001 0042113
005 20221024123304.3
041 0 |a slo 
044 |a SK 
245 1 0 |a Sekuritizácia katastrofického rizika  |c Zuzana Kozubíková 
520 |a Sekuritizácia katastrofického rizika formou transformácie katastrofického zaistenia na cenné papiere. Zaistenie a jeho oceňovanie s oceňovaním obligácií. Skúmané prepojenie medzi zaistním a cennými papiermi je podstatné pre porozumenie odhadu poistného rizika z pohľadu kapitálových trhov. 
610 2 0 |a riziko poistné 
610 2 0 |a riadenie rizík 
610 2 0 |a sekuritizácia 
610 2 0 |a papiere cenné 
610 2 0 |a zaistenie 
610 2 0 |a oceňovanie 
610 2 0 |a obligácie 
100 1 |a Kozubíková, Zuzana